| 000 | 00493nam a22001817a 4500 | ||
|---|---|---|---|
| 005 | 20230905173946.0 | ||
| 008 | 230905b |||||||| |||| 00| 0 eng d | ||
| 020 | _a9781936237074 | ||
| 082 |
_a330 _bCAV-D |
||
| 100 | _aCavico,Frank J. | ||
| 245 | _aDeveloping a Legal, Ethical, and Socially Responsible Mindset for Sustainable Leadership | ||
| 260 |
_aUSA _bILEAD Academy |
||
| 300 | _a138 | ||
| 500 | _aInclude index | ||
| 650 | _aEconomics | ||
| 700 | _aFrank J.Cavico | ||
| 999 |
_c33437 _d33437 |
||